Personnages de Films et Séries - Statistiques

Statistiques générales
  • Ce quiz a été pris 1 896 fois
  • Le résultat moyen est 16 sur 20
Statistiques - réponses
Par images Réponse % Correct
Harry Potter
97%
Stitch
96%
Astérix
95%
Simba
95%
Mickey
93%
Aladin
92%
Winnie
92%
Dory
90%
Charlie
86%
Jack Sparrow
86%
Aquaman
84%
Woody
84%
Paddington
80%
Dégout
73%
Vera
73%
Picsou
66%
Martin
65%
Remy
64%
Rango
31%
Mme Indestructible
9%
Aucun quiz correspondant
Distribution des résultats
% des personnes avec chaque résultat
Percentile par nombre de réponses
Votre historique - résultats
Vous n’avez pas pris ce quiz